Performance Measurement of Occupational Safety and Health Management

Kľúčové ukazovatele pri meraní výkonnosti systémov (KPI), zhodnotenie vyhodnocovania systémov riadenia používané v oblasti bezpečnosti a ochrany zdravia pri práci (BOZP). Textový výskum súčasného stavu riadenia BOZP, skúmanie riadenia BOZP u významných inštitúcií v tejto oblasti (nemecký federálny i...

Descripción completa

Guardado en:
Detalles Bibliográficos
Autor principal: Dehghani, Arman, 1977-
Otros Autores: Fendeková, Eleonora, 1952-, Markovič, Peter, 1974-
Formato: Capítulo de libro
Lenguaje:inglés
Materias:
Etiquetas: Agregar Etiqueta
Sin Etiquetas, Sea el primero en etiquetar este registro!

MARC

LEADER 00000naa$a2200000$$$4500
001 0260810
005 20240502074133.2
041 0 |a eng 
044 |a SK 
245 1 0 |a Performance Measurement of Occupational Safety and Health Management  |c Arman Dehghani, Eleonora Fendeková, Peter Markovič 
520 |a Kľúčové ukazovatele pri meraní výkonnosti systémov (KPI), zhodnotenie vyhodnocovania systémov riadenia používané v oblasti bezpečnosti a ochrany zdravia pri práci (BOZP). Textový výskum súčasného stavu riadenia BOZP, skúmanie riadenia BOZP u významných inštitúcií v tejto oblasti (nemecký federálny inštitút pre BOZP a pracovnú medicínu a lekárstvo – BAUA). 
610 2 0 |a bezpečnosť práce 
610 2 0 |a ochrana zdravia 
610 2 0 |a výkonnosť 
610 2 0 |a meranie výkonnosti 
100 1 |a Dehghani, Arman, 1977- 
700 1 |a Fendeková, Eleonora, 1952- 
700 1 |a Markovič, Peter, 1974-